Closer to Love (Record no. 12182)
[ view plain ]
| 000 -LEADER | |
|---|---|
| fixed length control field | 00316nam a22001457a 4500 |
| 003 - CONTROL NUMBER IDENTIFIER | |
| control field | OSt |
| 008 - FIXED-LENGTH DATA ELEMENTS--GENERAL INFORMATION | |
| fixed length control field | 240120b |||||||| |||| 00| 0 eng d |
| 020 ## - INTERNATIONAL STANDARD BOOK NUMBER | |
| International Standard Book Number | 9781035015313 |
| 100 ## - MAIN ENTRY--PERSONAL NAME | |
| Personal name | KING,Vex |
| 245 ## - TITLE STATEMENT | |
| Title | Closer to Love |
| 250 ## - EDITION STATEMENT | |
| Edition statement | 1st Ed |
| 260 ## - PUBLICATION, DISTRIBUTION, ETC. (IMPRINT) | |
| Place of publication, distribution, etc | London |
| Name of publisher, distributor, etc | Pan Macmillion |
| 300 ## - PHYSICAL DESCRIPTION | |
| Extent | 325 |
| 942 ## - ADDED ENTRY ELEMENTS (KOHA) | |
| Source of classification or shelving scheme | Dewey Decimal Classification |
| Koha item type | Text Books |
| Withdrawn status | Lost status | Source of classification or shelving scheme | Damaged status | Not for loan | Collection code | Home library | Current library | Date acquired | Source of acquisition | Currency | Cost, normal purchase price | Bill Number | Total Checkouts | Full call number | Acc. no. / Barcode | Date last seen | Actual Cost, discounted price | Bill Date | Koha item type | Date last borrowed |
|---|---|---|---|---|---|---|---|---|---|---|---|---|---|---|---|---|---|---|---|---|
| Dewey Decimal Classification | GENERAL | PIET C-LIBRARY | PIET C-LIBRARY | 13/01/2024 | Zafaa Books and Distributors | In rupees | 599.00 | ZBD0321 | 158.1 KIC | 35377 | 20/01/2024 | 419.30 | 13/01/2024 | Reference Books | ||||||
| Dewey Decimal Classification | GENERAL | PIET C-LIBRARY | PIET C-LIBRARY | 13/01/2024 | Zafaa Books and Distributors | In rupees | 599.00 | ZBD0321 | 3 | 158.1 KIC | 35378 | 11/12/2025 | 419.30 | 13/01/2024 | Text Books | 27/11/2025 |